|
|
|
|
| LEADER |
00000cam a2200000 a 4500 |
| 001 |
UCE9172 |
| 003 |
CL-VaPUC |
| 008 |
151002e20110000mx |||||||||||||||||spa|d |
| 020 |
|
|
|a 9786077072522
|
| 082 |
0 |
4 |
|a 005.43
|b GOM
|2 21
|
| 100 |
|
|
|a Gómez López, Julio
|9 571819
|
| 245 |
1 |
0 |
|a Administración de sistemas operativos: un enfoque práctico
|
| 250 |
|
|
|a 2a. ed
|
| 300 |
|
|
|a 491 p
|
| 942 |
|
|
|c BK
|
| 945 |
|
|
|d 20151002 15:56:00
|a dcastane
|
| 260 |
|
|
|a Cuernavaca
|b Alfaomega
|c 2011
|
| 650 |
|
0 |
|a Sistemas operativos
|9 260288
|
| 650 |
|
0 |
|a Programación de computadores
|9 259531
|
| 583 |
|
|
|a last modification
|c 20151002 15:56:00
|k Rodrigo Vera
|
| 999 |
|
|
|c 360863
|d 360861
|
| 952 |
|
|
|0 0
|1 0
|3 erb
|4 0
|6 005_430000000000000_GOM_2011
|7 0
|8 A
|9 470979
|a BIBING
|b BIBING
|i 5240069
|o 005.43 GOM 2011
|p 5240069
|r 2025-01-20
|w 2019-11-24
|y BK
|z Catalogado en:20151002
|k CCI
|
| 952 |
|
|
|0 0
|1 0
|3 erb
|4 0
|6 005_430000000000000_GOM_2011
|7 0
|8 A
|9 470980
|a BIBING
|b BIBING
|i 5240077
|l 1
|o 005.43 GOM 2011
|p 5240077
|r 2025-01-20
|s 2022-03-24
|w 2019-11-24
|y BK
|z Catalogado en:20151002
|k CCI
|
| 952 |
|
|
|0 0
|1 0
|3 erb
|4 0
|6 005_430000000000000_GOM_2011
|7 0
|8 A
|9 470981
|a BIBING
|b BIBING
|i 5240085
|o 005.43 GOM 2011
|p 5240085
|r 2025-01-20
|w 2019-11-24
|y BK
|z Catalogado en:20151002
|k CCI
|
| 952 |
|
|
|0 0
|1 0
|3 erb
|4 0
|6 005_430000000000000_GOM_2011
|7 0
|8 A
|9 470982
|a BIBING
|b BIBING
|i 5240093
|o 005.43 GOM 2011
|p 5240093
|r 2025-01-20
|w 2019-11-24
|y BK
|z Catalogado en:20151002
|k CCI
|
| 952 |
|
|
|0 0
|1 0
|3 erb
|4 0
|6 005_430000000000000_GOM_2011
|7 0
|8 A
|9 470983
|a BIBING
|b BIBING
|i 5240107
|o 005.43 GOM 2011
|p 5240107
|r 2025-01-20
|w 2019-11-24
|y BK
|z Catalogado en:20151002
|k CCI
|
| 952 |
|
|
|0 0
|1 0
|3 erb
|4 0
|6 005_430000000000000_GOM_2011
|7 0
|8 A
|9 470984
|a BIBING
|b BIBING
|i 5240115
|o 005.43 GOM 2011
|p 5240115
|r 2025-01-20
|w 2019-11-24
|y BK
|z Catalogado en:20151002
|k CCI
|